|
|
|
|
| LEADER |
00000cam a2200000 a 4500 |
| 001 |
78260 |
| 005 |
20230308173044.0 |
| 008 |
000000|1965 ||||||||r|||||||||||spa|| |
| 040 |
|
|
|b spa
|
| 041 |
1 |
|
|a eng
|
| 082 |
0 |
|
|a 338
|
| 245 |
|
|
|a Modern small industry for developing countries
|c Eugene Staley, Richard Morse
|h imp
|
| 264 |
|
|
|a New York
|b McGraw-Hill Book Company
|c 1965
|
| 300 |
|
|
|a 435 páginas:
|c 23.5 cm
|
| 650 |
1 |
0 |
|a Industrialización
|9 120
|
| 650 |
1 |
|
|a Pequeña industria
|9 14765
|
| 700 |
1 |
|
|a Staley, Eugene
|9 48404
|
| 700 |
1 |
|
|a Morse, Richard
|9 67956
|
| 852 |
|
|
|a UC-CDJBV
|c ESTANTERIA CERRADA
|f Compra
|k sara.alvarado
|l 1
|m General
|p 00000000
|r 2
|t 78260
|b 0
|d CDRC
|e CDRC
|g 338 ESTANTERIA CERRADA
|z 0000-00-00
|
| 942 |
|
|
|c BK
|
| 999 |
|
|
|c 41980
|d 41980
|